Poznań - Quiz [25 Pytań +] - Statystyki

Ogólne statystyki
  • Ten quiz został rozwiązany 298 razy
  • Średni wynik to 16 z 27
Statystyki odpowiedzi
Odpowiedź % Poprawnych
Symbol miasta Koziołki
89%
Rzeka przepływająca przez Poznań Warta
88%
Jak nazywa się lotnisko w Poznaniu Ławica
85%
Najbliższa autostrada A2
83%
Największe centrum handlowe Posnania
83%
Co znajduje się na ulicy Bułgarskiej Stadion
83%
Centrum handlowe przy ulicy Półwiejskiej Stary Browar
78%
Obecny prezydent Poznania Jacek Jaśkowiak
77%
Druga największa dzielnica Poznania Rataje
77%
Okrągły budynek w centrum miasta Okrąglak
70%
Gdzie znajduje się IKEA, M1, i cały HOMEPARK Franowo
68%
Najsłynniejszy deptak w Poznaniu (ulica) Półwiejska
66%
Największa pływalnia w Poznaniu Termy Maltańskie
65%
Jak nazywa się kolejka parkowa nad jeziorem Maltańskim Maltanka
64%
Nazwa trasy Poznańskiego Szybkiego Tramwaju (PST) Pestka
63%
Największy park miejski Cytadela
59%
Największe miasto graniczące z Poznaniem Luboń
57%
Specyficzny biurowiec zaprojektowany przez MVRDV Bałtyk
45%
Największa miejska stacja telewizyjna Poznania WTK
45%
Najbardziej zaludniona dzielnica Stare Miasto
44%
Największe rondo w mieście Rondo Kaponiera
34%
Liczba ludności w tysiącach 540
32%
Przewoźnik komunikacji miejskiej MPK Poznań
31%
Centrum Handlowe tuż przy lotnisku King Cross Marcelin
29%
Najdłuższa ulica (5158 metrów) Jana Henryka Dąbrowskiego
19%
Najwyższy budynek w Poznaniu Collegium Altum
17%
Dwa sztuczne jeziora znajdujące się w Poznaniu Rusałka i Malta
11%
Nie znaleziono quizów pasujących do podanych kryteriów
Rozkład punktacji
Procent ludzi z każdym wynikiem
Percentyl według liczby udzielonych odpowiedzi
Twoja historia wyników
Nie rozwiązałeś tego quizu